Grounded Theory in Practice /

Na minha lista:
Detalhes bibliográficos
Autor principal: Strauss, Anselm L. (ed.)
Outros Autores: Corbin, Juliet (edición) (edición)
Formato: Livro
Idioma:inglês
Publicado em: Los Angeles, EUA : Sage, 1997, c1997
Assuntos:
Tags: Adicionar Tag
Sem tags, seja o primeiro a adicionar uma tag!

MARC

LEADER 00000nam^a2200000^a^4500
001 000182926
005 20250521000000.0
009 20260310102024.273
020 |a 0-7619-0747-5 
037 |a Acervo ITESO - Biblioteca 
041 |a ING 
082 |a 300. 1  |b STR 
100 |a Strauss, Anselm L.  |e (ed.) 
245 1 0 |a Grounded Theory in Practice /  |c Ed. de A. Strauss, J. Corbin. 
264 4 |a Los Angeles, EUA :  |b Sage,  |c 1997, c1997 
300 |a VIII, 280 p. 
336 |a texto  |b txt  |2 rdacontenido 
337 |a sin mediación  |b n  |2 rdamedio 
338 |a volumen  |b nc  |2 rdasoporte 
649 |a XX 
650 |a Mal de Alzheimer 
650 |a Tuberculosis 
650 |a Cáncer 
650 |a Enfermedades Crónicas 
650 |a Dolor 
650 |a Violencia 
650 |a Psicopatología 
650 |a Medicina 
650 |a Psicología Cognitiva 
650 |a Representación Social 
650 |a Cosmovisión 
650 |a Teoría Fundamentada -  |x Tema Principal 
650 |a Investigación -  |x Metodología 
650 |a Ciencias Sociales -  |x Metodología 
650 |a Metodología Cualitativa 
650 |a Metodología 
700 |a Corbin, Juliet  |e (edición) 
910 |a Fondo General 
920 |a Impresos - Libros 
930 |a Colección General 
905 |a 101 
901 |a 0500123189  |b IT1  |c ACC  |u 20250521 
902 |a https://opac.biblio.iteso.mx/vufind/Record/000182926